| 000 | 00646nam a2200217 4500 | ||
|---|---|---|---|
| 999 |
_c549 _d549 |
||
| 001 | 756 | ||
| 005 | 20190920122350.0 | ||
| 008 | 190920b ||||| |||| 00| 0 eng d | ||
| 020 | 0 | 0 | _a9789993667636 |
| 090 | 0 | 0 | _a954.98092 C549d 2009. |
| 100 | 0 | 0 | _aChopel, Kezang. |
| 245 | 0 | 0 |
_aའབྲུག་གི་ནོར་བུ། _cKuzang Chopel. |
| 260 | 0 | 0 |
_aThimphu : _bDorling Consultancy, _c2009. |
| 300 | 0 | 0 | _a150 p. |
| 500 | 0 | 0 | _aIn Dzongkha. |
| 650 | 0 | 0 | _aBhutan --Kings and rulers --Biography. |
| 650 | 0 | 0 | _aJigme Singye Wangchuck, King of Bhutan, 1955- |
| 700 | _aLam Kezang. | ||
| 700 | _aNamgay Phuntsho. | ||
| 942 |
_2ddc _cDZONGKHA |
||